Statistics for Billboard Hot 100 Top 100 Songs of October 22, 2016

Click here to take the quiz!

General Stats

  • This quiz has been taken 21 times
  • The average score is 20 of 100

Answer Stats

Chart PositionMovement on ChartAlbumArtistAnswer% Correct
1No MovementCollage EPThe Chainsmokers ft. HalseyCloser
93%
2+1StarboyThe Weeknd ft. Daft PunkStarboy
93%
3-1Suicide Squad: The Albumtwenty one pilotsHeathens
87%
4No MovementMusic Is The WeaponMajor Lazer ft. Justin Bieber & MØCold Water
80%
5No MovementEncoreDJ Snake ft. Justin BieberLet Me Love You
80%
7-1IlluminateShawn MendesTreat You Better
73%
11-1Non-Album SingleCalvin Harris ft. RihannaThis Is What You Came For
73%
12+7Dangerous WomanAriana Grande ft. Nicki MinajSide to Side
73%
8-1This Is ActingSia ft. Sean PaulCheap Thrills
67%
9No MovementCollage EPThe Chainsmokers ft. DayaDon't Let Me Down
67%
14-2Blurryfacetwenty one pilotsRide
53%
27+3This Is Acting (Deluxe Edition)Sia ft. Kendrick LamarThe Greatest
47%
16-2ViewsDrake ft. Kyla & WizkidOne Dance
47%
10+3us.gnash ft. Olivia O'Brieni hate u i love u
47%
33-5New EnglishDesiignerPanda
47%
42-37/27Fifth Harmony ft. Ty Dolla $ignWork From Home
47%
20+4Haiz (EP) [Japanese Version]Hailee Steinfeld ft. Zedd & GreyStarving
47%
23-3Trolls: OMPSJustin TimberlakeCan't Stop The Feeling!
47%
43-5Alice Through The Looking Glass: OMPSP!nkJust Like Fire
40%
25+38Non-Album SingleNiall HoranThis Town
40%
6+2Big Baby D.R.A.M.D.R.A.M. ft. Lil YachtyBroccoli
40%
13+2Low Kii SavageKiiaraGold
40%
21-10Nine Track MindCharlie Puth ft. Selena GomezWe Don't Talk Anymore
33%
24-2Suicide Squad: The AlbumLil Wayne, Wiz Khalifa & Imagine Dragons ft. Logic, Ty Dolla $ign and X AmbassadorsSucker For Pain
33%
46+5Know-It-AllAlessia CaraScars To Your Beautiful
33%
15+2AntiRihannaNeeded Me
33%
32+1Daya EP /Sit Still Look PrettyDayaSit Still, Look Pretty
27%
19-1ViewsDrake ft. RihannaToo Good
27%
76-8IlluminateShawn MendesMercy
27%
41+6Non-Album SingleMartin Garrix ft. Bebe RexhaIn The Name Of Love
27%
31-8Dangerous WomanAriana GrandeInto You
27%
72+6Savage Mode21 Savage & Metro Boomin' ft. FutureX
20%
47-18LayersKungs vs. Cookin' On 3 BurnersThis Girl
20%
26-1A Head Full Of DreamsColdplay ft. BeyonceHymn For The Weekend
20%
44+8Non-Album SingleAmineCaroline
13%
81+6LemonadeBeyonceHold Up
13%
79-27/27Fifth Harmony ft. Fetty WapAll In My Head (Flex)
13%
49-7EVOLFuture ft. The WeekndLow Life
13%
84+5Fitz and The TantrumsFitz and The TantrumsHandClap
13%
87RETURNFMA/Suicide Squad: The AlbumGrace ft. G-EazyYou Don't Own Me
13%
69-10JoanneLady GagaPerfect Illusion
13%
22-1I Told YouTory LanezLUV
13%
34+3Cosmic HallelujahKenny Chesney ft. P!nkSetting The World On Fire
13%
30-4VHSX AmbassadorsUnsteady
13%
29+7Non-Album SingleYoung M.AOoouuu
13%
60DEBUTSkinFlume ft. Tove LoSay It
13%
17-125AdeleSend My Love (To Your New Lover)
13%
18DEBUTCollage EPThe Chainsmokers ft. Phoebe RyanAll We Know
13%
68-2Lil Uzi Vert vs. The WorldLil Uzi VertMoney Longer
7%
97DEBUTTBAAndy GrammarFresh Eyes
7%
75-1Groovy PeopleMarc E. Bassy ft. G-EazyYou and Me
7%
88-5Blank Face LPSchoolboy Q ft. Kanye WestTHat Part
7%
89RETURNNon-Album SingleZay Hilfigerrr & Zayion McCallJuju On Dat Beat (TZ Anthem)
7%
95-7Suicide Squad: The AlbumKehlaniGangsta
7%
63DEBUTStarboyThe WeekndFalse Alarm
7%
51+3Coloring BookChance The Rapper ft. Lil Wayne & 2 ChainzNo Problem
7%
100DEBUT1992The Game ft. JeremihAll Eyez
7%
53+3You Should Be HereCole SwindellMiddle Of A Memory
7%
35+8The Life Of DesiignerDesiignerTimmy Turner
7%
36-4ViewsDrakeControlla
7%
37-6Major KeyDJ Khaled ft. DrakeFor Free
7%
38+3Sremmlife 2Rae Sremmurd ft. Gucci ManeBlack Beatles
7%
40No MovementStraight Bummin'Rob $tone ft. J. Davi$ & SpooksChill Bill
7%
48+1JEFFERY/Birds In The Trap Sing McKnightYoung Thug & Travi$ Scott ft. QuavoPick Up The Phone
7%
52+30Major KeyDJ Khaled ft. Nicki Minaj, Chris Brown, August Alsina, Jeremih, Future & Rick RossDo You Mind
7%
45+8RipcordKeith UrbanBlue Ain't Your Colour
7%
67-12BlackDierks Bentley ft. Elle KingDifferent For Girls
0%
85+10TBAKehlaniCRZY
0%
99-9Still BrazyYG ft. Drake & KamaiyahWhy You Always Hatin'
0%
98DEBUTIllinoisBrett EldredgeWanna Be That Song
0%
28-1Non-Album SingleCalvin HarrisMy Way
0%
96-5Birds In The Trap Sing McKnightTravi$ Scott ft. Kendrick Lamargoosebumps
0%
59+6Dig Your RootsFlorida Georgia Line ft. Tim McGrawMay We All
0%
94DEBUTLiftedCLLifted
0%
93+1TruceFRENSHIP ft. Emily WarrenCapsize
0%
92No MovementMeat and CandyOld DominionSong For Another Time
0%
91DEBUTA Seat At The TableSolange ft. SamphaDon't Touch My Hair
0%
90-9Major KeyDJ Khaled ft. Jay-Z & FutureI Got The Keys
0%
56+1The Life Of PabloKanye West ft. Kid Cudi & Kelly PriceFather Stretch My Hands Pt.1
0%
61-1VinylWilliam Michael MorganI Met A Girl
0%
62+5Fight Like HellTucker BeathardRock On
0%
86-6MontevalloSam HuntMake You Miss Me
0%
39-4Hard II LoveUsher ft. Young ThugNo Limit
0%
54+4The Life Of PabloKanye West ft. Ty Dolla $ign & Post MaloneFade
0%
50-6Summer ForeverBilly CurringtonIt Don't Hurt Like It Used To
0%
66+5They Don't KnowJason AldeanA Little More Summertime
0%
70+6Brett Young EPBrett YoungSleep Without You
0%
71+8Project E.T.DJ Esco ft. Lil Uzi Vert & FutureToo Much Sauce
0%
65+5PartyNextDoor 3PARTYNEXTDOOR ft. DrakeCome and See Me
0%
73-39Non-Album SingleArtists Of Then, Now & ForeverForever Country
0%
74DEBUTA Seat At The TableSolangeCranes In The Sky
0%
64No MovementThe Weight of These WingsMiranda LambertVice
0%
83+3Wish Me Well 2YFN Lucci ft. Migos & TroubleKey To The Streets
0%
77+16Quality Street Music 2DJ Drama ft. Chris Brown, Skeme and LyQuinWishing
0%
78+7Lil Uzi Vert vs. The WorldLil Uzi VertYou Was Right
0%
58+14The FightersLoCashI Know Somebody
0%
80-11The First TimeKelsea BalleriniPeter Pan
0%
55+6Kill The LightsLuke BryanMove
0%
82+24 ReasonsDae DaeWat U Mean (Aye Aye Aye)
0%
57+5Lil BoatLil YachtyOne Night
0%

Score Distribution

Percentile by Number Answered

Percent of People with Each Score

Your Score History

You have not taken this quiz